Distributed Systems (Record no. 18312)
[ view plain ]
| 000 -LEADER | |
|---|---|
| fixed length control field | 00458nam a22001697a 4500 |
| 008 - FIXED-LENGTH DATA ELEMENTS--GENERAL INFORMATION | |
| fixed length control field | 200721b xxu||||| |||| 00| 0 eng d |
| 020 ## - INTERNATIONAL STANDARD BOOK NUMBER | |
| International Standard Book Number | 9332575226 |
| 050 ## - LIBRARY OF CONGRESS CALL NUMBER | |
| Classification number | QA76.76 |
| Item number | .D35 2017 c.1 |
| 245 ## - TITLE STATEMENT | |
| Title | Distributed Systems |
| Remainder of title | Concepts and Design |
| Statement of responsibility, etc. | Coulouris, {Et al...}. |
| 250 ## - EDITION STATEMENT | |
| Edition statement | 5th ed. |
| 260 ## - PUBLICATION, DISTRIBUTION, ETC. (IMPRINT) | |
| Place of publication, distribution, etc. | India |
| Name of publisher, distributor, etc. | Pearson |
| Date of publication, distribution, etc. | 2017 |
| 300 ## - PHYSICAL DESCRIPTION | |
| Extent | xvi, 1047p. |
| 700 ## - ADDED ENTRY--PERSONAL NAME | |
| Personal name | Jean Dollimore |
| 700 ## - ADDED ENTRY--PERSONAL NAME | |
| Personal name | Tim Kindberg |
| 700 ## - ADDED ENTRY--PERSONAL NAME | |
| Personal name | Gordon Blair |
| 942 ## - ADDED ENTRY ELEMENTS (KOHA) | |
| Source of classification or shelving scheme | Library of Congress Classification |
| Koha item type | General Collection |
| Withdrawn status | Lost status | Source of classification or shelving scheme | Not for loan | Home library | Current library | Date acquired | Cost, normal purchase price | Total Checkouts | Total Renewals | Full call number | Barcode | Date last seen | Date last checked out | Price effective from | Koha item type |
|---|---|---|---|---|---|---|---|---|---|---|---|---|---|---|---|
| Library of Congress Classification | Kabarak, Main Campus | Kabarak, Main Campus | 21/07/2020 | 5366.00 | 4 | 1 | QA76.76 .D35 2017 c.1 | 028746 | 18/08/2023 | 02/08/2023 | 21/07/2020 | General Collection | |||
| Library of Congress Classification | Kabarak, Main Campus | Kabarak, Main Campus | 21/07/2020 | 5366.00 | 3 | 1 | QA76.76 .D35 2017 c.2 | 028747 | 15/12/2022 | 10/12/2022 | 21/07/2020 | General Collection | |||
| Library of Congress Classification | Kabarak, Main Campus | Kabarak, Main Campus | 21/07/2020 | 5366.00 | 1 | QA76.76 .D35 2017 c.3 | 028748 | 12/07/2021 | 28/06/2021 | 21/07/2020 | General Collection |